000 00550cab a2200217 4500
001 X711
008 090401t1993 xxu||||| |||| 00| 0 eng d
035 _a(Sirsi) u67165
041 _aeng
245 _aModel entry from simplifies paperwork
260 _c1993
350 _a0
490 _aCS Monthly : Rural Practice
_v2(8) May 1993, 14(1)
650 _aAuctioneering
_96218
650 _aBEEF SPECIAL PREMIUM SCHEME
650 _aMODEL ENTRY FORM
650 _aPAPERWORK
690 _aRURAL PRACTICE
942 _n0
948 _c04/03/1997
999 _c42028
_d42028